000 00517nam a2200157 4500
001 138716
003 ES-MaACL
005 20230906195623.0
007 t|
008 070214s1968 sp r ||||1| spa d
100 1 _aSanto-Domingo Carrasco, Joaquín.
_9103439
245 1 0 _aElementos de Psiquiatría y asistencia psiquiátrica /
_cJoaquín Santo-Domingo Carrasco.
260 _aBarcelona :
_bEd. Científico-Médica,
_c1968.
300 _aXX, 645 p. ;
_c24 cm +
_e2 h. pleg.
852 _aES-MaACL
_jC-34565
_bR.66715
999 _c138716
_d138716